| 000 | 00474nam a2200133Ia 4500 | ||
|---|---|---|---|
| 008 | 160809s9999 xx 000 0 und d | ||
| 100 | _aFeifei, Wang | ||
| 245 | 2 | _aA Case of Nursing Experience of Taking Care of Creutzfeldt-Jakob Disease Patient in China | |
| 245 | _cWang Feifei. | ||
| 260 | _bJournal of Nursing and Care | ||
| 260 | _cApril 2016 | ||
| 650 | _xNURSING | ||
| 856 | _uhttp://www.omicsgroup.org/journals/ArchiveJNC/previousissue-nursing-care-open-access.php | ||
| 999 |
_c300167 _d300167 |
||